| 000 | 00359nam a2200133Ia 4500 | ||
|---|---|---|---|
| 008 | 150301s2011 xx 000 0 und d | ||
| 082 |
_a610.7368 _bE11N |
||
| 100 | _aNEERAJA, K.P. | ||
| 245 | _aESSENTIAS OF MENTAL HEALTH AND PSYCHIATRIC NURSING | ||
| 260 |
_bJAYPEE MEDICAL PUB. _c2011 |
||
| 300 | _a362 | ||
| 650 | _aPSYCHIATRIC NURSING | ||
| 942 |
_2ddc _cBK _08 |
||
| 999 |
_c6785 _d6785 |
||